000 00640nam a2200181Ia 4500
005 20260601193250.0
008 260601s9999||||xx |||||||||||||| ||und||
020 _a978-3-031-65996-6
_qebk
100 _aAzza Basiouni
245 0 _aBreaking Barriers with Generative Intelligence. Using GI to Improve Human Education and Well-Being
250 _a2024
260 _aHeidelberg, Germany
_bSpringer Nature
_c2024
440 _aCommunications in Computer and Information Science
650 _aComputer Science
700 _aClaude Frasson
856 _uhttps://link.springer.com/openurl?genre=book&isbn=978-3-031-65996-6
942 _cEB
_2ddc
999 _c56696
_d56696